000 00631cam a22001812a 4500
001 012224
003 AR-FADEU
008 311216n1983####xxu####################dd
092 _aD347.51
_bA691so
110 _aArgentina
245 _aLey 19.550 : Sociedades comerciales. Ley No. 19.551 : concursos. Ley No. 22.315 ley orgánica de la inspección general de justicia. Ley No. 19.549 : procedimientos administrativos
260 _aBuenos Aires
260 _bBregna
260 _c1983
300 _a242 p.
650 _aCONCURSOS; SOCIEDADES COMERCIALES; LEY 19550-SOCIEDADES COMERCIALES; LEY 19551-CONCURSOS
942 _cBDGR
999 _c17995
_d17995